00658 2200217 4500001002100000008004100021035002000062245009100082100001900173260004400192300002800236020002200264084001600286520005800302082001000360650002200370990001200392990001200404990001200416990001200428INLIS000000000015510 ind  a0010-0223000031 a3 Hours to MasterbCara Mengurangi StrescMichael Chuah; alih bahasa, Yulius Dewasetya aCHUAH, Michael aJakarta :bElex Media Komputindo,c2019 a173 hal.: ilus.c22 cm. a978-602-04-9908-6 a741.5 CHU t aJudul asli : 3 Hours to Master : How to Reduce Stress a741.5 aKOMIK. PENDIDIKAN a10705 a a10705 b a10705 c a10705 d